[Event "20th NATO Chess Ch"]
[Site "?"]
[Date "2009.06.19"]
[Round "7.45"]
[White "Denner, Philip"]
[Black "Vercauteren, Daniel"]
[Result "1/2-1/2"]
[WhiteElo "1648"]
[BlackElo "1686"]
[PlyCount "78"]
[SourceDate "2000.01.03"]

1. d4 Nf6 2. Nf3 e6 3. c3 d5 4. Bf4 c5 5. e3 a6 6. Bd3 b5 7. Nbd2 Nbd7 8. O-O
Be7 9. Qe2 O-O 10. e4 dxe4 11. Nxe4 Bb7 12. Nxf6+ Nxf6 13. Rfd1 c4 14. Bc2 Qd5
15. Re1 Qh5 16. Ne5 Qxe2 17. Rxe2 Nd5 18. Bg3 h6 19. f4 Bd6 20. f5 exf5 21.
Bxf5 Nf6 22. Rae1 Nh5 23. Re3 Nxg3 24. hxg3 g6 25. Bg4 Kg7 26. Bf3 Bxf3 27.
Rxf3 Ra7 28. Ref1 Bxe5 29. dxe5 Re7 30. Re1 Rd8 31. Rfe3 Rd2 32. R1e2 Rxe2 33.
Rxe2 Re6 34. Kf2 f6 35. exf6+ Kxf6 36. Re3 Rxe3 37. Kxe3 Ke5 38. g4 a5 39. a3
g5 1/2-1/2

[Event "20th NATO Chess Ch"]
[Site "?"]
[Date "2009.06.19"]
[Round "7.46"]
[White "Bellemare, Régis"]
[Black "Steffers, Hendrik"]
[Result "1-0"]
[WhiteElo "1634"]
[BlackElo "1977"]
[PlyCount "87"]
[SourceDate "2000.01.03"]

1. e4 c5 2. Nc3 e6 3. g3 d5 4. e5 Nc6 5. f4 a6 6. Nf3 b5 7. d4 Qb6 8. Be3 Nh6
9. Ne2 Ng4 10. Bg1 h5 11. h3 Nh6 12. dxc5 Bxc5 13. Bxc5 Qxc5 14. Ned4 Bb7 15.
c3 Rc8 16. Nxc6 Bxc6 17. Qd4 Qe7 18. Bd3 Bb7 19. a3 Nf5 20. Bxf5 exf5 21. O-O
Rc4 22. Qd3 Re4 23. Nd4 g6 24. Nf3 Qc5+ 25. Kh2 Re3 26. Qd2 h4 27. Nxh4 Re4 28.
Nf3 O-O 29. Rae1 a5 30. Nd4 Re8 31. g4 fxg4 32. hxg4 b4 33. axb4 axb4 34. Rf3
Qe7 35. Rh3 bxc3 36. bxc3 Rxe1 37. Qxe1 Ra8 38. e6 Ra2+ 39. Kg1 fxe6 40. Qe5
Qg7 41. Qb8+ Kf7 42. Qxb7+ Kg8 43. Qc8+ Qf8 44. Rh8+ 1-0

[Event "20th NATO Chess Ch"]
[Site "?"]
[Date "2009.06.19"]
[Round "7.47"]
[White "Ghiacy, Jelani"]
[Black "Kacevicius, Dangiras"]
[Result "1/2-1/2"]
[WhiteElo "1517"]
[BlackElo "1730"]
[PlyCount "86"]
[SourceDate "2000.01.03"]

1. e4 e6 2. Nf3 d5 3. e5 Nc6 4. d4 Nge7 5. Nc3 h6 6. Be3 Nf5 7. Bc1 Bb4 8. a3
Ba5 9. b4 Bb6 10. Bb5 Bd7 11. Bxc6 Bxc6 12. Ne2 a5 13. Bd2 O-O 14. c3 axb4 15.
cxb4 Bb5 16. O-O Bxe2 17. Qxe2 Bxd4 18. Nxd4 Nxd4 19. Qg4 Nf5 20. f4 Qh4 21.
Qxh4 Nxh4 22. Be3 Nf5 23. Bc5 Rfe8 24. Rfc1 Rad8 25. Bf2 c6 26. Rc3 d4 27. Rd3
Ne3 28. Bh4 Rd5 29. Bf2 Nc2 30. Ra2 Ne3 31. h3 Ra8 32. Bxe3 dxe3 33. Rxe3 Rd4
34. g3 Rxb4 35. Rd3 Rb1+ 36. Kf2 Kf8 37. a4 Rc1 38. Rb3 b5 39. a5 Rc4 40. a6 b4
41. Ke3 c5 42. a7 Ke7 43. Kd3 Rc1 1/2-1/2

[Event "20th NATO Chess Ch"]
[Site "?"]
[Date "2009.06.19"]
[Round "7.1"]
[White "Vaznonis, Vytautas"]
[Black "Schenk, Andreas"]
[Result "1/2-1/2"]
[WhiteElo "2338"]
[BlackElo "2507"]
[PlyCount "47"]
[EventDate "2009.06.18"]
[SourceDate "2000.01.03"]

1. d4 Nf6 2. Nf3 d5 3. e3 c5 4. b3 Bg4 5. Bb2 e6 6. Be2 Nc6 7. O-O Be7 8. Nbd2
O-O 9. h3 Bh5 10. Ne5 Bxe2 11. Qxe2 Qb6 12. c4 Rfd8 13. Rfd1 Rac8 14. cxd5 exd5
15. dxc5 Qxc5 16. Ndf3 Nxe5 17. Nxe5 Qc2 18. Rd2 Qf5 19. Nf3 Ne4 20. Nd4 Qd7
21. Rc2 Rxc2 22. Qxc2 Rc8 23. Qe2 Bf6 24. Rd1 1/2-1/2